Cuentos ingleses de misterio / (Registro nro. 9202)

Detalles MARC
000 -LIDER
fixed length control field 00684nam a22002177a 4500
003 - IDENTIFICACDOR DE NÚMERO DE CONTROL
control field DO-SdBNP
005 - DATE AND TIME OF LATEST TRANSACTION
control field 20240611101411.0
008 - ELEMENTOS DE LONGITUD FIJA
fixed length control field 160314b 2004 ag| 00| 0 spa d
020 ## - ISBN
International Standard Book Number 9875503576
040 ## - FUENTE DE CATALOGACIÓN
Agencia que crea de manera original el registro BPMSU
Idioma de catalogación spa
Agencia que realiza la transcripción BPMSU
082 #4 - NÚMERO DE CLASIFICACIÓN DECIMAL DE DEWEY
Classification number 823
Item number C965i 2004
Edition number 22
245 00 - MENCIÓN DE TITULO
Título Cuentos ingleses de misterio /
Mención de responsabilidad Daniel Defoe ; traducción, compilación Ramón D. Tarruella.
260 ## - PUBLICACIÓN, DISTRIBUCIÓN, ETC. (PIE DE IMPRENTA)
Lugar de publicación, distribución, etc Buenos Aires :
Nombre del editor, distribuidor, etc. Longseller,
Fecha de publicación, distribución, etc 2004.
300 ## - DESCRIPCIÓN FÍSICA
Extensión 239 p. :
Dimensiones 18cm
490 0# - MENCIÓN DE SERIES
Mención de serie Clásicos de siempre ;
-- Cuentos
590 ## - NOTA LOCAL
Texto de la nota local Inventariado, 2025/VM
650 #4 - ENCABEZAMIENTO DE MATERIA--TEMÁTICO
Término temático o nombre geográfico como elemento de entrada cuentos ingleses
700 1# - ASIENTO SECUNDARIO -- NOMBRE PERSONAL
Nombre personal Tarruella, Ramón D.
Mención de responsabilidad traductor
910 ## - VALIDACIÓN
Validación VMateo V. Control de calidad. BPMSU
942 ## - ADDED ENTRY ELEMENTS (KOHA)
Source of classification or shelving scheme Dewey Decimal Classification
Koha item type Libros
Existencias
Withdrawn status Lost status Source of classification or shelving scheme Damaged status Not for loan Collection code Home library Current library Date acquired Total Checkouts Full call number Barcode Date last seen Price effective from Koha item type
    Dewey Decimal Classification     Colección General Biblioteca Pública Metropolitana Salomé Ureña Biblioteca Pública Metropolitana Salomé Ureña 06/11/2024   BPMSU CG 823 C965i 2004 BPMSU24060005 06/11/2024 06/11/2024 Libros